| 000 | 00876cam a22002897a 4500 | ||
|---|---|---|---|
| 001 | 001696 | ||
| 003 | armpunfd | ||
| 005 | 20140612090648.0 | ||
| 008 | 050825e0####xx#a##########000#0#und#d | ||
| 040 |
_aarmpunfd _carmpunfd |
||
| 080 | _a342.5 EK 62 | ||
| 100 | 1 | 0 | _a Ekmekdjian, Miguel Angel |
| 245 | 1 | 0 | _aTemas constitucionales |
| 260 |
_a Uenos Aires : La Ley _b1987. Isbn : 950-527-034-8. 344 P. |
||
| 650 | 7 |
_a Control Judicial _2LEMB |
|
| 650 | 7 |
_a Derecho Constitucional _2LEMB |
|
| 650 | 7 |
_a Derechos Politicos _2LEMB |
|
| 650 | 7 |
_a Derechos Sociales _2LEMB |
|
| 650 | 7 |
_a Doctrina De Facto _2LEMB |
|
| 650 | 7 |
_a Estado De Sitio _2LEMB |
|
| 650 | 7 |
_a Federalismo _2LEMB |
|
| 650 | 7 |
_a Garantias _2LEMB |
|
| 650 | 7 |
_a Poder De Policia _2LEMB |
|
| 650 | 7 |
_a Supremacia Constitucional _2LEMB |
|
| 942 |
_cLB _2cdu |
||
| 945 |
_aCatalis _d2010-08-19 |
||
| 999 |
_c1687 _d232191 |
||